Skip to main content
Your cart is empty.
Your lists
Log in to create your own lists
Your cookies
العربية
English
العربية
Home
Search
Advanced search
Authority search
About
The noble scholar, jurist, historian
His Excellency Dr. Abdul Wahhab bin Ibrahim Abu Sulaiman, may Allah have mercy on him.
He was born in Umm Al-Qura in the year 1356 AH.
Library catalog
Title
Author
Subject
ISBN
ISSN
Series
Call number
Log in to your account
×
Login:
Password:
Home
MARC view: بغية الراغبين وقرة عين أهل البلد الأمين /
Normal view
MARC view
ISBD view
بغية الراغبين وقرة عين أهل البلد الأمين / (Record no. 14006)
[
view plain
]
MARC details
000 -LEADER
fixed length control field
01084cam a2200265 i 4500
003 - CONTROL NUMBER IDENTIFIER
control field
SA-RiAUC
005 - DATE AND TIME OF LATEST TRANSACTION
control field
20260112061620.0
008 - FIXED-LENGTH DATA ELEMENTS--GENERAL INFORMATION
fixed length control field
251231s1912 su g 00000 ara c
040 ## - CATALOGING SOURCE
Original cataloging agency
SA-RiKSU
Language of cataloging
ara
Transcribing agency
SA-RiAUC
Description conventions
rda
043 ## - GEOGRAPHIC AREA CODE
Geographic area code
a-su---
082 04 - DEWEY DECIMAL CLASSIFICATION NUMBER
Classification number
953.12104
090 ## - LOCALLY ASSIGNED LC-TYPE CALL NUMBER (OCLC); LOCAL CALL NUMBER (RLIN)
Classification number (OCLC) (R) ; Classification number, CALL (RLIN) (NR)
م ن 953.12104
Local cutter number (OCLC) ; Book number/undivided call number, CALL (RLIN)
زو ا
100 1# - MAIN ENTRY--PERSONAL NAME
Personal name
الزواوي، عبد الله محمد صالح،
Dates associated with a name
1266-1343 هجري
Relator term
مؤلف.
245 10 - TITLE STATEMENT
Title
بغية الراغبين وقرة عين أهل البلد الأمين /
Statement of responsibility, etc.
عبد الله بن محمد صالح الزواوي.
250 ## - EDITION STATEMENT
Edition statement
الطبعة الأولى.
264 #1 - PRODUCTION, PUBLICATION, DISTRIBUTION, MANUFACTURE, AND COPYRIGHT NOTICE
Place of production, publication, distribution, manufacture
[مكان النشر غير محدد] :
Name of producer, publisher, distributor, manufacturer
[الناشر غير محدد]،
Date of production, publication, distribution, manufacture, or copyright notice
[1912]
264 #3 - PRODUCTION, PUBLICATION, DISTRIBUTION, MANUFACTURE, AND COPYRIGHT NOTICE
Place of production, publication, distribution, manufacture
مكة المكرمة :
Name of producer, publisher, distributor, manufacturer
المطبعة الخيرية
300 ## - PHYSICAL DESCRIPTION
Extent
48 صفحة ؛
Dimensions
23 سم
336 ## - CONTENT TYPE
Content type term
نص
Content type code
txt
Source
rdacontent
Materials specified
كتاب
337 ## - MEDIA TYPE
Media type term
بدون وسيط
Media type code
n
Source
rdamedia
338 ## - CARRIER TYPE
Carrier type term
مجلد
Carrier type code
nc
Source
rdacarrier
651 #7 - SUBJECT ADDED ENTRY--GEOGRAPHIC NAME
Geographic name
مكة المكرمة
General subdivision
وصف ورحلات
Source of heading or term
aucsh
942 ## - ADDED ENTRY ELEMENTS (KOHA)
Source of classification or shelving scheme
Dewey Decimal Classification
Koha item type
كتاب مصور نادر
Suppress in OPAC
No
949 ## - LOCAL PROCESSING INFORMATION (OCLC)
a
SA-JeALM
d
251231
u
mohamedma123
n
1
Holdings
Withdrawn status
Lost status
Source of classification or shelving scheme
Damaged status
Not for loan
Home library
Current library
Date acquired
Total checkouts
Full call number
Barcode
Date last seen
Price effective from
Koha item type
Dewey Decimal Classification
DR AbdElwahab Library
DR AbdElwahab Library
01/12/2026
م ن 953.12104 زو ا
000022416
01/12/2026
01/12/2026
كتاب مصور نادر
Dewey Decimal Classification
DR AbdElwahab Library
DR AbdElwahab Library
01/18/2026
م ن 953.12104 زو ا
000022524
01/18/2026
01/18/2026
كتاب مصور نادر
Dewey Decimal Classification
DR AbdElwahab Library
DR AbdElwahab Library
01/18/2026
م ن 953.12104 زو ا
000022525
01/18/2026
01/18/2026
كتاب مصور نادر
Place hold
Print
Add to your cart
(remove)
Save record
BIBTEX
Dublin Core
MARCXML
MARC (non-Unicode/MARC-8)
MARC (Unicode/UTF-8)
MARC (Unicode/UTF-8, Standard)
MODS (XML)
RIS
ISBD
More searches
Search for this title in:
Other Libraries (WorldCat)
Other Databases (Google Scholar)
Online Stores (Bookfinder.com)
Open Library (openlibrary.org)
Exporting to Dublin Core...
×
Simple DC-RDF
OAI-DC
SRW-DC